Central Bank Digital Currencies And The Global Financial System: Theory And Practice (Record no. 41589)
[ view plain ]
| 000 -LEADER | |
|---|---|
| fixed length control field | 00394nam a2200121Ia 4500 |
| 008 - FIXED-LENGTH DATA ELEMENTS--GENERAL INFORMATION | |
| fixed length control field | 241015s9999 xx 000 0 und d |
| 041 ## - LANGUAGE CODE | |
| Language code of text/sound track or separate title | eng |
| 082 ## - DEWEY DECIMAL CLASSIFICATION NUMBER | |
| Classification number | 332.11 ASH |
| 100 ## - MAIN ENTRY--PERSONAL NAME | |
| Personal name | Ashfaq, Muhammad / Mercon, Jo t / Hasan, Rashedul |
| 245 ## - TITLE STATEMENT | |
| Title | Central Bank Digital Currencies And The Global Financial System: Theory And Practice |
| 260 ## - PUBLICATION, DISTRIBUTION, ETC. | |
| Name of publisher, distributor, etc. | De Gruyter |
| Place of publication, distribution, etc. | Boston |
| Date of publication, distribution, etc. | 2023 |
| 300 ## - PHYSICAL DESCRIPTION | |
| Extent | 152;. P. 24 cm |
No items available.